| 000 | 00856nam a22002177a 4500 | ||
|---|---|---|---|
| 005 | 20240530110447.0 | ||
| 008 | 150429s2010 ua g 000 0 ara d | ||
| 017 |
_a2010/16718 _bمصر . دار الكتب المصرية |
||
| 020 | _a9789774216431 | ||
| 040 | _aEG-CaGPL | ||
| 082 | 0 | 4 |
_221 _a818.03/ _bع ع |
| 100 | 0 | _aعائشة عبدالرحمن ( بنت الشاطئ ) | |
| 245 | 1 | 0 |
_aعلى الجسر بين الحياة و الموت / _cعائشة عبدالرحمن ( بنت الشاطئ ) |
| 260 |
_aالقاهرة : _bالهيئة المصرية العامة للكتاب ، _c2010 . |
||
| 300 |
_a206 ص ؛ _c24 سم |
||
| 600 | 0 | 4 | _aعائشة عبدالرحمن ( بنت الشاطئ ) |
| 650 | 0 | 4 | _aالشعر العربى |
| 650 | 0 | 4 | _aالقصص العربية |
| 942 |
_2ddc _cBK |
||
| 999 |
_c61180 _d61180 |
||